000 01015nam a2200229Ii 4500
003 JO-AjNU
008 230605s9999||||xx |||||||||||||| ||und||
017 _a2009/7011
020 _a977-379-072-1
040 _aJO-AjNU
_bara
_erda
_cJO-AjNU
041 _aara
050 1 4 _aK5258.S22.2010
100 3 _a السبكى ، هاني ,
_eauthor
_932053
245 0 0 _aعمليات الإتجار بالبشر : HUMAN TRAFFICKING / دراسة في ضوء الشريعة الإسلامية والقانون الدولي وبعض التشريعات العربية والأجنبية
250 _aط1
264 3 1 _aالاسكندرية : دار الفكر العربى ، 2009
300 _a521ص
336 _atext
_btxt
_2rdacontent
337 _aunmediated
_bn
_2rdamedia
338 _avolume
_bnc
_2rdacarrier
650 4 _aالاتجار بالبشر ( فقة اسلامي ) -- الاتجار بالبشر ( قانون دولي ) -- القانون الجنائي الدولي -- حقوق الانسان
_932054
999 _aA12895
_c16463
_d16463